• 首页
  • 本馆介绍
  • 公告通知
  • 最新文献
  • 馆藏检索
  • 电子资源
  • 读者导购
  • 参考咨询
  • 我的图书馆
  • 登录
  • 详细信息显示
  • 放入我的书架
  • 预约/预借图书
  • 作者相关作品
  • 分类相关作品
  • 丛书相关作品
  • 出版社相关作品

书目信息

  • 表格格式
  • 工作单格式
  • 卡片格式
题名:
机械制图习题集
    
 
作者: 史艳红 主编
分册:  
出版信息: 北京   高等教育出版社  2012
页数: 120叶
开本: 19×26cm
丛书名:
单 册:
中图分类: TH126-44
科图分类:
主题词: 机械制图--高等职业教育--习题集
电子资源:
ISBN: 978-7-04-035703-5
000 00869nam0 2200241 450
001 0102517782
005 20121204141219.0
010    @a978-7-04-035703-5@dCNY26.00
100    @a20121107d2012 em y0chiy0120 ea
101 0  @achi
102    @aCN@b110000
105    @aa zq 000yy
106    @ar
200 1  @a机械制图习题集@9Ji Xie Zhi Tu Xi Ti Ji @f史艳红主编@b专著
210    @a北京@c高等教育出版社@d2012
215    @a120叶@d19×26cm
300    @a全国高职高专教育规划教材
330    @a本书分为十一个单元,包括:绘制平面图形、投影法与投影图、绘制基本体的三视图和轴测图、绘制和识读组合体的三视图、表达零件的结构形状、标注零件的尺寸及技术要求、识读零件图与零件测绘等。
606 0  @a机械制图@x高等职业教育@j习题集
690    @aTH126-44@v5
701  0 @a史艳红@c(女,@f1968~)@4主编@9shi yan hong
801  0 @aCN@bZL@c20120821
905    @aBZT@dTH126@e156@f1@sTH126/156
    
    机械制图习题集/史艳红主编.-北京:高等教育出版社,2012
    120叶;19×26cm
    全国高职高专教育规划教材
    
    ISBN 978-7-04-035703-5:CNY26.00
    本书分为十一个单元,包括:绘制平面图形、投影法与投影图、绘制基本体的三视图和轴测图、绘制和识读组合体的三视图、表达零件的结构形状、标注零件的尺寸及技术要求、识读零件图与零件测绘等。
●
相关链接 在五车中查询图书 在当当中查询图书 在豆瓣中查询图书


正题名:机械制图习题集     索取号:TH126/156         预约/预借

序号 登录号 条形码 馆藏地/架位号 状态 备注
1 2000007976   2000007976   旧书回溯/ [索取号:TH126/156] 在馆    
山东省滨州职业学院图书馆 欢迎您!
大连网信软件有限公司© 版权所有